Colonel Kurtz's Monologue from "Apocalypse Now" - Statistics

General Stats
  • This quiz has been taken 98 times
  • The average score is 145 of 358
Answer Stats
Answer % Correct
a
88%
A
88%
I
86%
I...
86%
the
84%
The
84%
you
72%
You
72%
me
71%
me.
71%
no
66%
to
64%
We
64%
we
64%
we,
64%
are
60%
he
60%
He
60%
do
59%
do!
59%
horror
59%
Horror...
59%
Horror
59%
horror.
59%
that
59%
that...
59%
that!
59%
that.
59%
in
57%
they
57%
They
57%
have
53%
kill
53%
be
52%
is
52%
of
52%
and
50%
And
50%
it.
50%
it...
50%
what
50%
will
50%
But
48%
but
48%
this
47%
for
43%
see.
43%
when
43%
who
43%
know
41%
my
41%
not
41%
not,
41%
men...
40%
men
40%
men,
40%
us
40%
us.
40%
had
38%
was
38%
were
38%
your
38%
arm.
36%
right
36%
some
34%
then
34%
I've
33%
seen
33%
seen.
33%
there,
33%
There
33%
here
31%
If
31%
judge
31%
man
31%
has
29%
like
29%
make
29%
never
29%
off
29%
out;
29%
those
29%
want
29%
with
29%
It's
28%
it's
28%
love...
28%
thought,
28%
you've
28%
call
26%
every
26%
friend
26%
God...
26%
must
26%
over
26%
time
26%
went
26%
would
26%
arms.
24%
children.
24%
children
24%
children,
24%
come
24%
could
24%
our
24%
their
24%
after
22%
murderer.
22%
than
22%
at
21%
came
21%
inoculate
21%
into
21%
little
21%
these
21%
These
21%
enemies
19%
enemies!
19%
Forces...
19%
grandmother.
19%
inoculated
19%
remember
19%
remember...
19%
Special
19%
strength...
19%
couldn't
17%
cried,
17%
didn't
17%
face...
17%
hacked
17%
left
17%
pile.
17%
pile
17%
polio,
17%
troubles
17%
wept
17%
ago.
16%
centuries
16%
divisions
16%
feared.
16%
means.
16%
old
16%
seems
16%
ten
16%
terror
16%
thousand
16%
back
14%
because
14%
Because
14%
crying.
14%
describe
14%
diamond...
14%
diamond
14%
forget
14%
forget.
14%
friends.
14%
horrors...
14%
horrors
14%
moral
14%
moral...
14%
quickly.
14%
stand
14%
very
14%
able
12%
filled
12%
forehead.
12%
genius
12%
genius!
12%
impossible
12%
Perfect,
12%
pure.
12%
realized...
12%
realized
12%
same
12%
shot...
12%
shot
12%
stronger
12%
tear
12%
through
12%
wanted
12%
without
12%
words
12%
bullet
10%
hearts,
10%
judgement...
10%
judgement!
10%
judgement
10%
monsters,
10%
running
10%
cadres.
9%
camp
9%
families,
9%
fought
9%
necessary
9%
trained
9%
complete,
7%
crystalline,
7%
defeats
7%
genuine,
7%
teeth
7%
truly
7%
feeling...
5%
instincts
5%
passion...
3%
primordial
3%
utilize
3%
No matching quizzes found
Score Distribution
Percent of People with Each Score
Percentile by Number Answered
Your Score History
You have not taken this quiz